| 000 | 00531nam a22001817a 4500 | ||
|---|---|---|---|
| 003 | CEME | ||
| 005 | 20210628205233.0 | ||
| 008 | 210222b xxu||||| |||| 00| 0 eng d | ||
| 020 | _a0-399-52385-5 | ||
| 040 | _c. | ||
| 082 | _a658.4092 FAR'M | ||
| 100 |
_aFarkas, C. M Philippe, De Backer _974519 |
||
| 245 | _aMaximum leadership five strategic for success from the worlds leading ceo's | ||
| 260 |
_aNEWYORK _bPERIGEE BOOK _c1996 |
||
| 300 | _aXVI, 287P | ||
| 650 |
_aSUCCESS IN BUSINESS LEADERSHIP _974520 |
||
| 942 |
_cBK _2ddc |
||
| 999 |
_c580039 _d580039 |
||